Beyond the black hole (Record no. 8624)

MARC details
000 -LEADER
fixed length control field 00587nam a2200193Ia 4500
003 - CONTROL NUMBER IDENTIFIER
control field IN-BaIIA
008 - FIXED-LENGTH DATA ELEMENTS--GENERAL INFORMATION
fixed length control field 211028s9999 xx 000 0 eng d
020 ## - INTERNATIONAL STANDARD BOOK NUMBER
International Standard Book Number 0-00-217138-4
040 ## - CATALOGING SOURCE
Transcribing agency IIA Library
080 ## - UNIVERSAL DECIMAL CLASSIFICATION NUMBER
Universal Decimal Classification number 524.882
Item number BOS
100 ## - MAIN ENTRY--PERSONAL NAME
Personal name Boslough, John
9 (RLIN) 14479
245 #0 - TITLE STATEMENT
Title Beyond the black hole
Remainder of title Stephen Hawking's universe
Statement of responsibility, etc. John Boslough
260 ## - PUBLICATION, DISTRIBUTION, ETC.
Place of publication, distribution, etc. London
Name of publisher, distributor, etc. William-Collins
Date of publication, distribution, etc. 1985
300 ## - PHYSICAL DESCRIPTION
Extent 126p.
650 ## - SUBJECT ADDED ENTRY--TOPICAL TERM
Topical term or geographic name entry element Astronomy and astrophysics thesaurus
650 ## - SUBJECT ADDED ENTRY--TOPICAL TERM
Topical term or geographic name entry element Astrophysics
9 (RLIN) 794
650 ## - SUBJECT ADDED ENTRY--TOPICAL TERM
Topical term or geographic name entry element Black holes
9 (RLIN) 7728
942 ## - ADDED ENTRY ELEMENTS (KOHA)
Koha item type Books
Holdings
Withdrawn status Lost status Damaged status Not for loan Home library Current library Shelving location Date acquired Total Checkouts Full call number Barcode Date last seen Date last checked out Price effective from Koha item type Purchase Price
        IIA Library-Bangalore IIA Library-Bangalore General Stacks 10/03/1986 1 524.882/ BOS 9496 07/05/2024 29/04/2024 10/03/1986 Books £ 7.95

Powered by Koha